[Event "ENCI Limburg-open B"]
[Site "Maastricht"]
[Date "2008.05.10"]
[Round "3"]
[White "Suilen, Willem"]
[Black "Kers Lageveen, Heleen"]
[Result "1-0"]
[WhiteElo "1570"]
[BlackElo "1156"]
[PlyCount "71"]
[EventDate "2008.05.09"]
[EventType "swiss"]
[EventRounds "7"]
[EventCountry "NED"]
[Source "P.Boonen"]
[SourceDate "2010.01.01"]

1. e4 e5 2. Nf3 Nc6 3. Bb5 h6 4. O-O Bc5 5. Nxe5 Nxe5 6. d4 Bxd4 7. Qxd4 Ng6 8.
Qxg7 c6 9. Bc4 d5 10. exd5 cxd5 11. Re1+ N8e7 12. Bb5+ Bd7 13. Bxd7+ Qxd7 14.
Qd4 b6 15. Nc3 O-O-O 16. a4 Nc6 17. Qd1 h5 18. Bg5 Rde8 19. Rxe8+ Rxe8 20. Qd2
Nge7 21. h4 Na5 22. Bxe7 Qxe7 23. Qxd5 Qxh4 24. Qa8+ Kd7 25. Rd1+ Ke7 26. Re1+
Kd6 27. Qxe8 Qg4 28. Qxf7 h4 29. Qe7+ Kc6 30. Re6+ Qxe6 31. Qxe6+ Kb7 32. Qd7+
Ka6 33. Qc8+ Nb7 34. a5 h3 35. Qc4+ b5 36. Qxb5# 1-0

[Event "ENCI Limburg-open B"]
[Site "Maastricht"]
[Date "2008.05.10"]
[Round "3"]
[White "Thoma, Sophia"]
[Black "Visse, Bernard"]
[Result "1-0"]
[WhiteElo "1722"]
[BlackElo "1518"]
[PlyCount "61"]
[EventDate "2008.05.09"]
[EventType "swiss"]
[EventRounds "7"]
[EventCountry "NED"]
[Source "P.Boonen"]
[SourceDate "2010.01.01"]

1. e4 c6 2. c4 g6 3. d4 d6 4. Nc3 Bg7 5. Nf3 Bg4 6. Be2 Bxf3 7. Bxf3 e6 8. O-O
Nd7 9. Be2 Ne7 10. f4 Qb6 11. Kh1 Qxd4 12. Qe1 Qb6 13. b3 f5 14. Bb2 Nf6 15.
Na4 Qc7 16. e5 dxe5 17. Bxe5 Qc8 18. Nc5 O-O 19. Rd1 b6 20. Bxf6 Rxf6 21. Nd7
Rf7 22. Bf3 Qe8 23. Qxe6 Nd5 24. Qxc6 Rxd7 25. Bxd5+ Rxd5 26. Qxd5+ Kh8 27.
Rfe1 Qf8 28. Re6 Bc3 29. Rd6 Kg7 30. Rd7+ Kh6 31. Qf3 1-0

[Event "ENCI Limburg-open B"]
[Site "Maastricht"]
[Date "2008.05.10"]
[Round "3"]
[White "Tran, Long"]
[Black "Van Herck, Rob"]
[Result "1-0"]
[WhiteElo "1845"]
[BlackElo "1516"]
[PlyCount "101"]
[EventDate "2008.05.09"]
[EventType "swiss"]
[EventRounds "7"]
[EventCountry "NED"]
[Source "P.Boonen"]
[SourceDate "2010.01.01"]

1. Nf3 b6 2. d4 Bb7 3. Bf4 Nf6 4. c4 e6 5. Nc3 d5 6. e3 Be7 7. Rc1 Nh5 8. Bg3
Nxg3 9. hxg3 c5 10. cxd5 Bxd5 11. Nxd5 Qxd5 12. Bc4 Qd7 13. Ne5 Qb7 14. Bb5+
Kf8 15. dxc5 bxc5 16. Qf3 Qxf3 17. gxf3 a6 18. Bd3 g6 19. Bxg6 Bf6 20. Be4 Ra7
21. Rxc5 Bxe5 22. Rxe5 Rc7 23. Rxh7 Rxh7 24. Bxh7 Nd7 25. Ra5 f5 26. Bg6 Rc1+
27. Kd2 Rf1 28. Ke2 Rb1 29. b3 Nf6 30. g4 Rb2+ 31. Kf1 fxg4 32. Be4 gxf3 33.
Bxf3 Kg7 34. Rxa6 e5 35. Re6 e4 36. Bxe4 Nxe4 37. Rxe4 Rxa2 38. Re6 Ra5 39. Rb6
Kf7 40. Kg2 Rg5+ 41. Kf3 Rf5+ 42. Ke2 Ke7 43. e4 Rc5 44. Kf3 Rc3+ 45. Kf4 Rc8
46. f3 Rf8+ 47. Ke3 Rh8 48. e5 Rh1 49. f4 Re1+ 50. Kd4 Rf1 51. Ke4 1-0

[Event "ENCI Limburg-open B"]
[Site "Maastricht"]
[Date "2008.05.10"]
[Round "3"]
[White "Tromp, Sander"]
[Black "Augustin, Petr"]
[Result "1-0"]
[WhiteElo "1791"]
[BlackElo "1175"]
[PlyCount "51"]
[EventDate "2008.05.09"]
[EventType "swiss"]
[EventRounds "7"]
[EventCountry "NED"]
[Source "P.Boonen"]
[SourceDate "2010.01.01"]

1. e4 e6 2. d4 d5 3. Nc3 c5 4. exd5 exd5 5. Nf3 Nc6 6. dxc5 Nf6 7. Be3 Qa5 8.
Nd2 Bxc5 9. Nb3 Qc7 10. Bxc5 Qe5+ 11. Qe2 Ne4 12. O-O-O Be6 13. Nxe4 dxe4 14.
Bd6 Qf6 15. Qb5 Rc8 16. Qxb7 Qg5+ 17. Kb1 Qh5 18. Bb5 Bd7 19. Rhe1 f6 20. Rxe4+
Kd8 21. Be7+ Ke8 22. Qxd7+ Kf7 23. Bxf6+ Kxf6 24. Qe6+ Kg5 25. Rd5+ Ne5 26. h4+
1-0

[Event "ENCI Limburg-open B"]
[Site "Maastricht"]
[Date "2008.05.10"]
[Round "3"]
[White "Tuerlinckx, Ben"]
[Black "Been, Klaas"]
[Result "1-0"]
[WhiteElo "1281"]
[BlackElo "1625"]
[PlyCount "79"]
[EventDate "2008.05.09"]
[EventType "swiss"]
[EventRounds "7"]
[EventCountry "NED"]
[Source "P.Boonen"]
[SourceDate "2010.01.01"]

1. d4 d5 2. c4 e6 3. Nf3 Nf6 4. g3 Bd6 5. Bg2 Nbd7 6. O-O c6 7. Nbd2 O-O 8. b3
Re8 9. Bb2 Qe7 10. Qc2 Nf8 11. e4 dxe4 12. Nxe4 Nxe4 13. Qxe4 Ng6 14. Ne5 Nxe5
15. dxe5 Bc5 16. Rad1 Bd7 17. Kh1 Rad8 18. f4 Bc8 19. Qe2 Rxd1 20. Rxd1 Rd8 21.
Be4 g6 22. Kg2 Rd7 23. Rxd7 Qxd7 24. Qd3 Qc7 25. Bd4 Bxd4 26. Qxd4 c5 27. Qd2
b6 28. Qd6 Qxd6 29. exd6 Bd7 30. a3 f5 31. Bb7 Kf7 32. Kf3 Kf6 33. h3 e5 34.
Bd5 e4+ 35. Ke3 a5 36. a4 h6 37. h4 Be8 38. Ke2 g5 39. Ke3 Bh5 40. hxg5+ 1-0

[Event "ENCI Limburg-open B"]
[Site "Maastricht"]
[Date "2008.05.10"]
[Round "3"]
[White "Tutenel, Eric"]
[Black "Otto, Moritz"]
[Result "1-0"]
[WhiteElo "1587"]
[BlackElo "1210"]
[PlyCount "43"]
[EventDate "2008.05.09"]
[EventType "swiss"]
[EventRounds "7"]
[EventCountry "NED"]
[Source "P.Boonen"]
[SourceDate "2010.01.01"]

1. e4 c5 2. d4 cxd4 3. c3 Nf6 4. e5 Nd5 5. cxd4 e6 6. Nf3 Nc6 7. Nc3 Bb4 8. Bd2
Qa5 9. Qc2 Nxc3 10. Bxc3 Bxc3+ 11. bxc3 a6 12. Bd3 h6 13. O-O b5 14. Nd2 b4 15.
Nc4 Qd8 16. Nd6+ Ke7 17. Rfb1 Rb8 18. a3 a5 19. cxb4 axb4 20. axb4 Nxb4 21. Qc5
Nxd3 22. Nf5+ 1-0

[Event "ENCI Limburg-open B"]
[Site "Maastricht"]
[Date "2008.05.10"]
[Round "3"]
[White "Uckerman, John"]
[Black "Maessen, Roy"]
[Result "1-0"]
[WhiteElo "1683"]
[BlackElo "1311"]
[PlyCount "67"]
[EventDate "2008.05.09"]
[EventType "swiss"]
[EventRounds "7"]
[EventCountry "NED"]
[Source "P.Boonen"]
[SourceDate "2010.01.01"]

1. g4 Nf6 2. g5 Ng8 3. Bg2 d6 4. c4 e5 5. d3 Be7 6. h4 h6 7. Nf3 Bg4 8. Nbd2
hxg5 9. hxg5 Rxh1+ 10. Bxh1 Bxg5 11. Qb3 Bxd2+ 12. Bxd2 Qc8 13. Nxe5 c6 14.
Nxg4 Qxg4 15. O-O-O Qc8 16. Bf3 Na6 17. Rh1 Nc5 18. Qc3 Ne6 19. Bg4 f6 20. d4
Qd7 21. Qe3 Kf7 22. d5 cxd5 23. cxd5 Qc7+ 24. Kb1 Nf8 25. Be6+ Nxe6 26. Qxe6+
Kf8 27. Rh8 Qf7 28. Qxd6+ Ke8 29. Bb4 Qg6+ 30. Kc1 Qg1+ 31. Kd2 Qg5+ 32. f4
Qxd5+ 33. Qxd5 Rd8 34. Rxg8# 1-0

[Event "ENCI Limburg-open B"]
[Site "Maastricht"]
[Date "2008.05.10"]
[Round "3"]
[White "Van Delft, Karel"]
[Black "Smeets, Wouter"]
[Result "1/2-1/2"]
[WhiteElo "1641"]
[BlackElo "1761"]
[PlyCount "116"]
[EventDate "2008.05.09"]
[EventType "swiss"]
[EventRounds "7"]
[EventCountry "NED"]
[Source "P.Boonen"]
[SourceDate "2010.01.01"]

1. d4 Nf6 2. Nf3 e6 3. c4 b6 4. Nc3 Bb4 5. a3 Bxc3+ 6. bxc3 Bb7 7. e3 d6 8. Be2
Nbd7 9. O-O O-O 10. Qc2 Ne4 11. Nd2 f5 12. f3 Nxd2 13. Bxd2 Nf6 14. Bd3 c5 15.
e4 fxe4 16. fxe4 e5 17. d5 Qe8 18. Be2 Bc8 19. Bg5 Bd7 20. Bxf6 Rxf6 21. Rxf6
gxf6 22. Rf1 Qg6 23. Bf3 Kh8 24. Qf2 Rf8 25. Qh4 Qg5 26. Qxg5 fxg5 27. Be2 Rf4
28. Rxf4 gxf4 29. g3 fxg3 30. hxg3 Ba4 31. Kf2 Kg7 32. Ke3 Kf6 33. Bg4 Kg5 34.
Be2 h5 35. Bf3 h4 36. gxh4+ Kxh4 37. Be2 Kg3 38. Bf1 Bd1 39. Bd3 Kg2 40. Kd2
Bg4 41. Ke3 Bh3 42. Be2 Kg1 43. Bd3 Bf1 44. Bxf1 Kxf1 45. Kf3 Ke1 46. Kg4 Kd2
47. Kf5 Kxc3 48. Ke6 Kxc4 49. Kxd6 Kb3 50. Kxe5 c4 51. d6 c3 52. d7 c2 53. d8=Q
c1=Q 54. Qd3+ Ka2 55. a4 Qg5+ 56. Ke6 Qg6+ 57. Ke5 Qe8+ 58. Kf6 Qf8+ 1/2-1/2

[Event "ENCI Limburg-open B"]
[Site "Maastricht"]
[Date "2008.05.10"]
[Round "3"]
[White "Van Ginneken, Jeroen"]
[Black "Beukema, Louise"]
[Result "1-0"]
[WhiteElo "1597"]
[BlackElo "1217"]
[PlyCount "49"]
[EventDate "2008.05.09"]
[EventType "swiss"]
[EventRounds "7"]
[EventCountry "NED"]
[Source "P.Boonen"]
[SourceDate "2010.01.01"]

1. f4 e6 2. Nf3 Nc6 3. e3 Nf6 4. Be2 Bd6 5. O-O b6 6. b3 Bb7 7. Bb2 Nd5 8. c4
Ndb4 9. a3 Na6 10. b4 Ne7 11. d4 O-O 12. c5 bxc5 13. bxc5 Nxc5 14. dxc5 Bxc5
15. Bd4 Bd6 16. Qe1 Nf5 17. Qc3 f6 18. Nbd2 Qe7 19. Nc4 Rae8 20. Nxd6 cxd6 21.
Qc7 Bc6 22. Qa5 e5 23. Bxa7 exf4 24. Qxf5 fxe3 25. Qf4 1-0

[Event "ENCI Limburg-open B"]
[Site "Maastricht"]
[Date "2008.05.10"]
[Round "3"]
[White "Van Ginneken, Maikel"]
[Black "Gundogmus, Alaettin"]
[Result "1/2-1/2"]
[WhiteElo "1277"]
[BlackElo "1586"]
[PlyCount "50"]
[EventDate "2008.05.09"]
[EventType "swiss"]
[EventRounds "7"]
[EventCountry "NED"]
[Source "P.Boonen"]
[SourceDate "2010.01.01"]

1. d4 Nf6 2. c4 g6 3. Nc3 e6 4. Bg5 Be7 5. Nf3 d5 6. e3 Nc6 7. Bd3 Bd7 8. O-O
Nb4 9. cxd5 Nxd3 10. Qxd3 Nxd5 11. Bh6 Nxc3 12. bxc3 Bf6 13. e4 Rg8 14. e5 Bg7
15. Bg5 f6 16. exf6 Bxf6 17. Bf4 Bc6 18. Rfe1 Qd7 19. Ne5 Bxe5 20. Rxe5 O-O-O
21. Rae1 Qf7 22. Bg3 Rge8 23. Qc4 Rd5 24. R5e3 Qd7 25. Be5 Ra5 1/2-1/2

[Event "ENCI Limburg-open B"]
[Site "Maastricht"]
[Date "2008.05.10"]
[Round "3"]
[White "Van Liempt, Michael"]
[Black "Schoffelen, Jan"]
[Result "1-0"]
[WhiteElo "1788"]
[BlackElo "1439"]
[PlyCount "69"]
[EventDate "2008.05.09"]
[EventType "swiss"]
[EventRounds "7"]
[EventCountry "NED"]
[Source "P.Boonen"]
[SourceDate "2010.01.01"]

1. Nf3 d5 2. c4 c6 3. e3 Bg4 4. d4 Nf6 5. Nc3 e6 6. Be2 Bb4 7. O-O Bxc3 8. bxc3
O-O 9. h3 Bxf3 10. Bxf3 dxc4 11. Rb1 Qd7 12. Qe2 Nd5 13. Qxc4 Nb6 14. Qe2 Qc7
15. Ba3 Rd8 16. Rfd1 Nd5 17. Qc2 Nd7 18. c4 N5f6 19. Rb3 b6 20. e4 Rac8 21. e5
Ne8 22. Be7 Nxe5 23. Bxd8 Nxf3+ 24. Rxf3 Qxd8 25. Rfd3 Nf6 26. Qe2 Qc7 27. Qe5
Qe7 28. d5 cxd5 29. cxd5 Nd7 30. d6 Nxe5 31. dxe7 Nxd3 32. Rxd3 Re8 33. Rd8 f6
34. Rxe8+ Kf7 35. Ra8 1-0

[Event "ENCI Limburg-open B"]
[Site "Maastricht"]
[Date "2008.05.10"]
[Round "3"]
[White "Van Meegen, Henk"]
[Black "Reyskens, Jules"]
[Result "1-0"]
[WhiteElo "1403"]
[BlackElo "1721"]
[PlyCount "113"]
[EventDate "2008.05.09"]
[EventType "swiss"]
[EventRounds "7"]
[EventCountry "NED"]
[Source "P.Boonen"]
[SourceDate "2010.01.01"]

1. e4 e5 2. Nf3 Nf6 3. Nc3 Nc6 4. d4 exd4 5. Nxd4 Bb4 6. Nxc6 bxc6 7. Bg5 O-O
8. Qd4 Be7 9. Bd3 d6 10. O-O-O Ng4 11. Bxe7 Qxe7 12. f3 Qg5+ 13. Kb1 c5 14. Qg1
Ne5 15. h4 Qd8 16. Be2 Nc6 17. g4 Nd4 18. g5 Be6 19. f4 Nxe2 20. Nxe2 Bc4 21.
Nc3 Qb8 22. Nd5 Bxd5 23. Rxd5 Qb7 24. Rh3 Qb4 25. Re3 Rab8 26. b3 Rb5 27. Qe1
Qa3 28. Qc3 Rfb8 29. h5 Ra5 30. Qa1 Rb4 31. h6 Rd4 32. Rxd4 cxd4 33. Qxd4 Qxa2+
34. Kc1 Qa1+ 35. Qxa1 Rxa1+ 36. Kb2 Ra5 37. b4 Rb5 38. Kb3 gxh6 39. gxh6 Rh5
40. Rc3 c5 41. bxc5 dxc5 42. f5 Rxh6 43. Rxc5 Rb6+ 44. Ka4 f6 45. Rc8+ Kg7 46.
Rc7+ Kh6 47. Rxa7 Rc6 48. Kb3 Rb6+ 49. Kc3 Rc6+ 50. Kd3 Rd6+ 51. Ke3 Rc6 52.
Rf7 Kg5 53. Rxh7 Rxc2 54. Rg7+ Kh5 55. Kf3 Rc3+ 56. Kf4 Rc1 57. Rh7# 1-0

[Event "ENCI Limburg-open B"]
[Site "Maastricht"]
[Date "2008.05.10"]
[Round "3"]
[White "Van Oirschot, Kees"]
[Black "Henrotte, Nils"]
[Result "0-1"]
[WhiteElo "1807"]
[BlackElo "1555"]
[PlyCount "48"]
[EventDate "2008.05.09"]
[EventType "swiss"]
[EventRounds "7"]
[EventCountry "NED"]
[Source "P.Boonen"]
[SourceDate "2010.01.01"]

1. d4 e6 2. c4 d5 3. Nc3 Nf6 4. cxd5 Nxd5 5. Nf3 Bb4 6. Qc2 Nc6 7. e4 Nf6 8. a3
Ba5 9. e5 Nd5 10. b4 Bb6 11. Nxd5 Qxd5 12. Bc4 Nxd4 13. Qa4+ Qd7 14. Qd1 Nxf3+
15. gxf3 Qxd1+ 16. Kxd1 Bd4 17. Ra2 Bxe5 18. Re2 Bf6 19. Bf4 c6 20. Bd6 Bd7 21.
f4 O-O-O 22. Bc5 b6 23. Ba6+ Kc7 24. Be3 Bc8+ 0-1

[Event "ENCI Limburg-open B"]
[Site "Maastricht"]
[Date "2008.05.10"]
[Round "3"]
[White "Van Steenwinckel, Hugo"]
[Black "Morren, Emily"]
[Result "1-0"]
[WhiteElo "1699"]
[BlackElo "1416"]
[PlyCount "45"]
[EventDate "2008.05.09"]
[EventType "swiss"]
[EventRounds "7"]
[EventCountry "NED"]
[Source "P.Boonen"]
[SourceDate "2010.01.01"]

1. e4 e6 2. d4 d5 3. e5 c5 4. c3 Nc6 5. Nf3 cxd4 6. cxd4 Bb4+ 7. Nc3 Nge7 8.
Bg5 O-O 9. Bd3 h6 10. Bh4 Qc7 11. O-O Bxc3 12. bxc3 Bd7 13. Qc2 a6 14. Nd2 Nc8
15. f4 b5 16. f5 exf5 17. Bxf5 Bxf5 18. Qxf5 Nb6 19. Nb3 Nc4 20. Rf3 Qc8 21.
Qf4 b4 22. Rg3 bxc3 23. Qxh6 1-0

[Event "ENCI Limburg-open B"]
[Site "Maastricht"]
[Date "2008.05.10"]
[Round "3"]
[White "Van den Heede, Dorian"]
[Black "Laarhoven, Marcel"]
[Result "0-1"]
[WhiteElo "1686"]
[BlackElo "1846"]
[PlyCount "122"]
[EventDate "2008.05.09"]
[EventType "swiss"]
[EventRounds "7"]
[EventCountry "NED"]
[Source "P.Boonen"]
[SourceDate "2010.01.01"]

1. e4 d5 2. exd5 Qxd5 3. Nc3 Qa5 4. d4 e5 5. dxe5 Nc6 6. f4 Bb4 7. Bd2 Nge7 8.
Nf3 Bg4 9. Be2 O-O-O 10. Ng5 Be6 11. Bd3 Nd5 12. Nge4 Qb6 13. Na4 Bxd2+ 14.
Qxd2 Qd4 15. Nac3 Ndb4 16. Nf2 Nxd3+ 17. cxd3 g5 18. Ne2 Qd5 19. g3 Bf5 20. Nc3
Qf3 21. Qe2 Qxe2+ 22. Kxe2 Nd4+ 23. Kd2 gxf4 24. gxf4 Rhg8 25. Rad1 Rg2 26. Ke3
c5 27. Ne2 Nxe2 28. Kxe2 Bg4+ 29. Ke3 Bxd1 30. Nxd1 Rd4 31. Nf2 b6 32. Kf3 Rg6
33. Rd1 Rh6 34. Rh1 Kd7 35. b3 Ke6 36. Ke3 Kf5 37. Ne4 Rh3+ 38. Ng3+ Ke6 39.
Kf3 Rxd3+ 40. Kg4 Rh6 41. Ne4 f5+ 42. exf6 Rg6+ 43. Ng5+ Kxf6 44. Re1 Rd6 45.
Kf3 Rd3+ 46. Ke2 Rd7 47. Kf3 h6 48. Ne4+ Kf7 49. Re3 Rc6 50. Nf2 Re6 51. Ne4
Rd5 52. Kf2 b5 53. Kf3 Kg6 54. Rc3 Rc6 55. Ke3 Rh5 56. Rc2 a5 57. Ng3 Rd5 58.
Ne4 Re6 59. Re2 Kf5 60. Kf3 Rd3+ 61. Re3 Rxe3+ 0-1

[Event "ENCI Limburg-open B"]
[Site "Maastricht"]
[Date "2008.05.10"]
[Round "3"]
[White "Van der Sanden, Martien"]
[Black "Daemen, Jules"]
[Result "1/2-1/2"]
[WhiteElo "1872"]
[BlackElo "1595"]
[PlyCount "61"]
[EventDate "2008.05.09"]
[EventType "swiss"]
[EventRounds "7"]
[EventCountry "NED"]
[Source "P.Boonen"]
[SourceDate "2010.01.01"]

1. e4 e6 2. Nf3 g6 3. d4 d5 4. e5 c5 5. c3 Nc6 6. Be2 cxd4 7. cxd4 Nge7 8. Na3
Nf5 9. Nc2 Bd7 10. O-O Be7 11. a3 O-O 12. b4 a6 13. Ne3 Re8 14. Qd2 Bf8 15. Ng4
Bg7 16. Qd3 h5 17. Ne3 Nce7 18. Qb3 Bh6 19. Nxf5 Nxf5 20. Bd3 Bxc1 21. Raxc1
Qb6 22. Bxf5 exf5 23. Qxd5 Bc6 24. Qc5 Qd8 25. Rfd1 Bxf3 26. gxf3 Qg5+ 27. Kh1
Qh4 28. Qc2 Rad8 29. Qe2 Rxd4 30. Qe3 Rxd1+ 31. Rxd1 1/2-1/2

[Event "ENCI Limburg-open B"]
[Site "Maastricht"]
[Date "2008.05.10"]
[Round "3"]
[White "Vancleef, Arne"]
[Black "Erin, Igor"]
[Result "0-1"]
[WhiteElo "1517"]
[BlackElo "1703"]
[PlyCount "42"]
[EventDate "2008.05.09"]
[EventType "swiss"]
[EventRounds "7"]
[EventCountry "NED"]
[Source "P.Boonen"]
[SourceDate "2010.01.01"]

1. d4 Nf6 2. e3 e6 3. Nf3 b6 4. Bd3 Bb7 5. O-O c5 6. b3 Nc6 7. Bb2 Be7 8. Nbd2
O-O 9. Ne5 Qc7 10. f4 d6 11. Nef3 Nb4 12. Be2 Ng4 13. Qc1 Nxe3 14. Rf2 Ng4 15.
a3 Nxf2 16. Kxf2 Nd5 17. g3 Rac8 18. c4 Nf6 19. dxc5 Qxc5+ 20. Kg2 Ng4 21. Qc3
Bf6 0-1

[Event "ENCI Limburg-open B"]
[Site "Maastricht"]
[Date "2008.05.10"]
[Round "3"]
[White "Vandersmissen, Hans"]
[Black "Ucaroglu, Melih Furkan"]
[Result "1-0"]
[WhiteElo "1530"]
[BlackElo "1064"]
[PlyCount "89"]
[EventDate "2008.05.09"]
[EventType "swiss"]
[EventRounds "7"]
[EventCountry "NED"]
[Source "P.Boonen"]
[SourceDate "2010.01.01"]

1. e4 e5 2. Bc4 Nc6 3. d3 Nf6 4. Bg5 Be7 5. Nf3 d6 6. Nc3 Bg4 7. h3 Bh5 8. Bb5
O-O 9. Bxc6 bxc6 10. g4 Bg6 11. Nh4 Nd7 12. Bxe7 Qxe7 13. Nf5 Bxf5 14. gxf5 Qg5
15. Qg4 Qxg4 16. hxg4 g6 17. Ke2 Rab8 18. b3 Kg7 19. Rh3 Nb6 20. Rah1 Rh8 21.
a4 d5 22. a5 Nd7 23. exd5 cxd5 24. Nxd5 c6 25. Ne7 c5 26. g5 gxf5 27. Nxf5+ Kg8
28. Nd6 a6 29. Rf3 Rf8 30. Ne4 f5 31. gxf6 h6 32. Rg3+ Kf7 33. Rg7+ Ke6 34.
Re7+ Kf5 35. Rxd7 h5 36. f7 Ke6 37. Nxc5+ Kf6 38. Ra7 Rxf7 39. Ne4+ Kg7 40.
Rg1+ Kf8 41. Ra8+ Ke7 42. Rxh8 Rf8 43. Rxf8 Kxf8 44. Rh1 Kf7 45. Rxh5 1-0

[Event "ENCI Limburg-open B"]
[Site "Maastricht"]
[Date "2008.05.10"]
[Round "3"]
[White "Verstraeten, Reinaert"]
[Black "Schmitz, Martin"]
[Result "1/2-1/2"]
[WhiteElo "1724"]
[BlackElo "1847"]
[PlyCount "108"]
[EventDate "2008.05.09"]
[EventType "swiss"]
[EventRounds "7"]
[EventCountry "NED"]
[Source "P.Boonen"]
[SourceDate "2010.01.01"]

1. e4 c5 2. Nc3 d6 3. f4 Nc6 4. Nf3 g6 5. Bc4 Bg7 6. O-O Nf6 7. d3 a6 8. a3 b5
9. Ba2 O-O 10. Qe1 b4 11. axb4 Nxb4 12. Bb3 Be6 13. Ba4 Bd7 14. Qe2 Bxa4 15.
Nxa4 e6 16. c3 Nc6 17. h3 Nh5 18. Rd1 f5 19. e5 dxe5 20. fxe5 Qc7 21. Nxc5 Nxe5
22. Nxe6 Qb6+ 23. Nfd4 Rfe8 24. Nxg7 Kxg7 25. Be3 Qd6 26. Qd2 Nd7 27. Nf3 Nc5
28. Qf2 Ne6 29. Bd4+ Kg8 30. Be5 Qc6 31. d4 Rad8 32. Qd2 Qb6 33. Re1 Nf8 34.
Qd3 Qb5 35. Qxb5 axb5 36. Ra5 b4 37. cxb4 Rc8 38. Rc5 Ra8 39. Rec1 Nd7 40. Rc7
Nxe5 41. dxe5 Nf4 42. R1c2 Ra1+ 43. Kh2 Nd5 44. Rc8 Kf8 45. b5 Ne3 46. Rxe8+
Kxe8 47. Rc6 Rb1 48. Nd2 Rxb2 49. b6 Rxd2 50. b7 Rxg2+ 51. Kh1 Rb2 52. Rc8+ Kd7
53. b8=Q Rxb8 54. Rxb8 Ke6 1/2-1/2

[Event "ENCI Limburg-open B"]
[Site "Maastricht"]
[Date "2008.05.10"]
[Round "3"]
[White "Whitmire, James David"]
[Black "Otten, Martijn"]
[Result "1-0"]
[WhiteElo "1589"]
[BlackElo "1796"]
[PlyCount "127"]
[EventDate "2008.05.09"]
[EventType "swiss"]
[EventRounds "7"]
[EventCountry "NED"]
[Source "P.Boonen"]
[SourceDate "2010.01.01"]

1. e4 e5 2. Nf3 Nc6 3. Bb5 Nf6 4. d3 h6 5. Bxc6 dxc6 6. Nxe5 Bc5 7. O-O O-O 8.
Nf3 Bg4 9. h3 Bh5 10. Nbd2 Re8 11. Nc4 b5 12. Be3 Nd7 13. Bxc5 bxc4 14. Be3 Ne5
15. Bf4 Nxf3+ 16. gxf3 Qf6 17. Bxc7 Bxf3 18. Qd2 cxd3 19. cxd3 Qh4 20. Kh2 f5
21. Rg1 fxe4 22. dxe4 Rxe4 23. Rae1 Bg4 24. Rg3 Rxe1 25. Qxe1 h5 26. Qe5 Rf8
27. Kg2 Bxh3+ 28. Kg1 Bg4 29. Bd6 Rf5 30. Qe8+ Kh7 31. Be7 Re5 32. Bxh4 Rxe8
33. Kf1 Re4 34. Bg5 Be2+ 35. Kg2 Bc4 36. Be3 a6 37. a3 Bd5 38. Kf1 Rc4 39. Ke1
Rc2 40. Bd4 g6 41. Re3 c5 42. Re7+ Kg8 43. Bc3 Kf8 44. Re5 Bc4 45. Rxc5 Bb5 46.
Bg7+ Kxg7 47. Rxc2 Kf6 48. Kd2 Kf5 49. Ke3 Kg4 50. a4 Be8 51. Rc8 Bd7 52. Rd8
Bf5 53. Rd6 h4 54. Rxa6 Kh3 55. Kf3 g5 56. Rh6 g4+ 57. Kf4 Bc8 58. Rc6 Bd7 59.
Rc3+ Kg2 60. a5 h3 61. Rc2 h2 62. f3+ Kh3 63. Rxh2+ Kxh2 64. fxg4 1-0

[Event "ENCI Limburg-open B"]
[Site "Maastricht"]
[Date "2008.05.10"]
[Round "3"]
[White "Woudsma, Ron"]
[Black "Chan, Alexander"]
[Result "1-0"]
[WhiteElo "1607"]
[BlackElo "1259"]
[PlyCount "61"]
[EventDate "2008.05.09"]
[EventType "swiss"]
[EventRounds "7"]
[EventCountry "NED"]
[Source "P.Boonen"]
[SourceDate "2010.01.01"]

1. e4 c5 2. d4 cxd4 3. c3 dxc3 4. Nxc3 d6 5. Bc4 Nf6 6. h3 g6 7. Nf3 Bg7 8. O-O
O-O 9. Qe2 Nc6 10. Rd1 Bd7 11. Bf4 Rc8 12. Rac1 a6 13. a3 b5 14. Ba2 Rb8 15. b4
Rc8 16. Rd3 a5 17. Rb1 Na7 18. Be3 Ra8 19. Bd5 Nxd5 20. Nxd5 Nc6 21. Bb6 Qb8
22. Qe3 axb4 23. axb4 f5 24. e5 dxe5 25. Nxe7+ Nxe7 26. Rxd7 Nc8 27. Bc5 Re8
28. Qb3+ Kh8 29. Qf7 Rg8 30. Rbd1 Nd6 31. Bxd6 1-0

[Event "ENCI Limburg-open B"]
[Site "Maastricht"]
[Date "2008.05.10"]
[Round "3"]
[White "Yue, Tim"]
[Black "Pijlman, Rene"]
[Result "1-0"]
[WhiteElo "1482"]
[BlackElo "1868"]
[PlyCount "71"]
[EventDate "2008.05.09"]
[EventType "swiss"]
[EventRounds "7"]
[EventCountry "NED"]
[Source "P.Boonen"]
[SourceDate "2010.01.01"]

1. e4 c5 2. Nf3 Nc6 3. Bb5 g6 4. Nc3 Bg7 5. O-O Nd4 6. Bc4 e6 7. d3 Ne7 8. Nxd4
cxd4 9. Ne2 O-O 10. Bg5 d6 11. Qd2 Re8 12. Bh6 Bh8 13. Ng3 d5 14. Bb3 e5 15. f4
exf4 16. Qxf4 Be6 17. Ba4 Nc6 18. Bb3 Be5 19. Qf3 dxe4 20. Nxe4 Bxb3 21. axb3
f5 22. Ng5 Bf6 23. h4 Re3 24. Qf2 Qe7 25. g4 Ne5 26. Qg2 Qd7 27. gxf5 Bg7 28.
Bxg7 Kxg7 29. f6+ Kf8 30. f7 Kg7 31. Rxa7 Rb8 32. f8=Q+ Rxf8 33. Rxb7 Rxf1+ 34.
Kxf1 Rf3+ 35. Qxf3 Nxf3 36. Rxd7+ 1-0

[Event "ENCI Limburg-open B"]
[Site "Maastricht"]
[Date "2008.05.11"]
[Round "4"]
[White "Arns, Danny"]
[Black "Callebaut, Giovanni"]
[Result "1-0"]
[WhiteElo "1298"]
[BlackElo "1047"]
[PlyCount "97"]
[EventDate "2008.05.09"]
[EventType "swiss"]
[EventRounds "7"]
[EventCountry "NED"]
[Source "P.Boonen"]
[SourceDate "2010.01.01"]

1. e4 c5 2. Nc3 Nc6 3. Bc4 d6 4. Nf3 g6 5. d4 cxd4 6. Nxd4 Bg7 7. Be3 e5 8.
Nxc6 bxc6 9. Qf3 Nf6 10. h3 Bb7 11. O-O-O O-O 12. Rd2 Qc7 13. Bg5 Nd7 14. Be7
Rfe8 15. Qxf7+ Kh8 16. Bxd6 Qd8 17. Ba3 Bc8 18. Rhd1 Rf8 19. Bxf8 Qxf8 20.
Qxf8+ Bxf8 21. Rxd7 Bxd7 22. Rxd7 Bh6+ 23. Kb1 Rf8 24. Rxa7 Rxf2 25. a3 Rxg2
26. Ra6 Rg1+ 27. Ka2 Rc1 28. Bd3 c5 29. Rc6 Bf8 30. a4 h5 31. Rxg6 Kh7 32. Re6
Rh1 33. Rxe5 Rxh3 34. Rf5 Be7 35. Rf7+ Kg6 36. Rxe7 Kg5 37. Re5+ Kg4 38. Rxc5
h4 39. e5 Rg3 40. Rc6 h3 41. Rg6+ Kf3 42. Rxg3+ Kxg3 43. Be4 Kf4 44. e6 Ke5 45.
e7 Kf4 46. e8=Q Kg3 47. Qf7 h2 48. Qf3+ Kh4 49. Qg2 1-0

[Event "ENCI Limburg-open B"]
[Site "Maastricht"]
[Date "2008.05.11"]
[Round "4"]
[White "Augustin, Petr"]
[Black "Sterck, Arno"]
[Result "0-1"]
[WhiteElo "1175"]
[BlackElo "1133"]
[PlyCount "98"]
[EventDate "2008.05.09"]
[EventType "swiss"]
[EventRounds "7"]
[EventCountry "NED"]
[Source "P.Boonen"]
[SourceDate "2010.01.01"]

1. e4 e5 2. Nc3 Nc6 3. Bc4 Nf6 4. d3 Bb4 5. a3 Ba5 6. b4 Bb6 7. Nf3 O-O 8. Bg5
h6 9. Bh4 d6 10. Qb1 Bg4 11. Nd2 Bd4 12. Qb3 Bxc3 13. Qxc3 Nxe4 14. Bxd8 Nxc3
15. Bxc7 b6 16. Bxd6 Rfd8 17. Bc7 Rd7 18. f3 Be6 19. b5 Na5 20. Bxe5 Bxc4 21.
Nxc4 Nxc4 22. dxc4 Re7 23. f4 f6 24. Kd2 Ne4+ 25. Ke3 Nc5 26. Kf3 fxe5 27. fxe5
Rxe5 28. Rhe1 Rf5+ 29. Ke2 Re8+ 30. Kd2 Ne4+ 31. Kc1 Rc5 32. Kb2 Rxc4 33. c3
Rxc3 34. Rad1 Rc5 35. a4 Rc4 36. Ka3 Rec8 37. Rd7 Rc3+ 38. Kb2 Rc2+ 39. Ka3
R8c3+ 40. Kb4 Rc4+ 41. Ka3 R4c3+ 42. Kb4 Nc5 43. Rd8+ Kh7 44. Red1 Rc4+ 45. Ka3
R2c3+ 46. Kb2 Nxa4+ 47. Kb1 Rb4+ 48. Ka2 Rb2+ 49. Ka1 Ra3# 0-1